000 00195 a2200097 4500
020 _a9780439706810
041 _aeng
100 _aMargarita Montalvo
245 _aZoologico de Poemas
942 _cBK
999 _c14630
_d14630